<The> Impact of changes in household income on the quality of life in V4 countries
Príjem domácnosti je jedným z najdôležitejších faktorov, ktoré ovplyvňujú kvalitu nášho života. Ekonomické zmeny a zmeny v príjme domácností. Analýza príjmu domácností v krajinách V4 v období rokov 2005 až 2013 a vplyv na kvalitu života obyvateľov žijúcich v týchto krajinách.
Na minha lista:
| Autor principal: | |
|---|---|
| Outros Autores: | |
| Formato: | Capítulo de Livro |
| Idioma: | inglês |
| Assuntos: | |
| Tags: |
Sem tags, seja o primeiro a adicionar uma tag!
|
MARC
| LEADER | 00000nla a2200000 4500 | ||
|---|---|---|---|
| 001 | 0215533 | ||
| 005 | 20240502073609.0 | ||
| 041 | 0 | |a eng | |
| 044 | |a SK | ||
| 245 | 1 | 0 | |a <The> Impact of changes in household income on the quality of life in V4 countries |c Jana Dzuričková, Vanda Lieskovská |
| 520 | |a Príjem domácnosti je jedným z najdôležitejších faktorov, ktoré ovplyvňujú kvalitu nášho života. Ekonomické zmeny a zmeny v príjme domácností. Analýza príjmu domácností v krajinách V4 v období rokov 2005 až 2013 a vplyv na kvalitu života obyvateľov žijúcich v týchto krajinách. | ||
| 610 | 2 | 0 | |a príjmy domácností |
| 610 | 2 | 0 | |a príjmy obyvateľstva |
| 610 | 2 | 0 | |a kvalita života |
| 610 | 2 | 0 | |a index nákladov životných |
| 610 | 2 | 0 | |a situácia finančná obyvateľstva |
| 610 | 2 | 0 | |a Vyšehradská štvorka |
| 100 | 1 | |a Dzuričková, Jana | |
| 700 | 1 | |a Lieskovská, Vanda, 1961- | |